| 000 | 00749nam a2200229 a 4500 | ||
|---|---|---|---|
| 999 |
_c7820 _d7820 |
||
| 001 | 7820 | ||
| 003 | BD - JhCC | ||
| 005 | 20180723200706.0 | ||
| 008 | 901019s1922 enkab 000 0 eng d | ||
| 035 | _a(BD - JhCC)7820 | ||
| 040 |
_aBD-JhCC _dBD-JhCC |
||
| 041 | _aeng | ||
| 082 |
_bCAM 1922 _a954 |
||
| 245 | 0 | 4 |
_aThe Cambridge history of India. _nVol. 1, _pAncient India. _cedited by E. J. Rapson. |
| 260 |
_aCambridge : _bCambridge University Press, _c1922. |
||
| 300 |
_axxi, 736 p., 34 p. of plates : _bill., maps, 1 fold. in pocket ; _c24 cm. |
||
| 500 | _aVolume 2 of this series was never published. | ||
| 651 | 0 |
_aIndia _xHistory _yTo 324 B.C. |
|
| 700 | 1 |
_aRapson, E. J. _q(Edward James), _d1861-1937. |
|
| 942 |
_2ddc _cBK |
||